Posúdenie vplyvu navrhovaného VD Sereď na VE Madunice
Gespeichert in:
| 1. Verfasser: | |
|---|---|
| Weitere Verfasser: | |
| Format: | Manuskript Buch |
| Sprache: | Slowakisch |
| Veröffentlicht: |
Bratislava :
STU v Bratislave SvF,
2014
|
| Schlagworte: | |
| Online-Zugang: | VAIS |
| Tags: |
Keine Tags, Fügen Sie das erste Tag hinzu!
|
MARC
| LEADER | 00000ntm a22000003a 4500 | ||
|---|---|---|---|
| 001 | stu297806 | ||
| 005 | 20150617230309.4 | ||
| 008 | 140919s2014----xo------------------slo-d | ||
| 040 | |a STU |b slo | ||
| 041 | 0 | |a slo | |
| 044 | |a xo | ||
| 100 | 1 | |a Šipka, Matej, |d 1989- |4 aut |u V |T SvF Stavebná fakulta |X 69975 |U V |Y 10 |7 A000069975 | |
| 242 | 0 | 0 | |a Impact assessment of the proposed of the Sered waterwork on the Madunice hydroelecrocity |y eng |
| 245 | 1 | |a Posúdenie vplyvu navrhovaného VD Sereď na VE Madunice | |
| 260 | |a Bratislava : |b STU v Bratislave SvF, |c 2014 | ||
| 650 | 7 | |a vodné stavby a vodné hospodárstvo |2 stusub | |
| 650 | 7 | |a Hydraulic and Water Resources Engineering |2 estusub | |
| 650 | 7 | |a mathematical model |2 estusub | |
| 650 | 7 | |a matematický model |2 stusub | |
| 700 | 1 | |a Rumann, Ján, |d 1980- |4 ths |u V170 |U SvF Stavebná fakulta |T SvF Katedra hydrotechniky |X 38286 |U V170 |Y 17 |7 A000038286 | |
| 856 | 4 | |a info a plný text |u http://is.stuba.sk/zp/portal_zp.pl?podrobnosti=100537 |3 VAIS | |